000 00737nas a2200253 4500
001 BR0800688
003 BR-BrBNA
005 20231205111537.0
007 ta
008 230509b bl.|||p| |||| 00| 00por d
040 _aBR-BrBNA
_bpor
_cBiblioteca Nacional de Agricultura
041 _a(Pt)
072 _aM12; J14; P40
100 1 _aMelo, J.S.C.
245 1 _aFórmula prática para calcular a quantidade de gelo no transporte de peixes vivos
650 _aPEIXE
650 _aTRANSPORTE
650 _aTEMPERATURA
650 _aGELO
650 _aCALOR
773 0 _tBoletim Técnico do CEPTA (Brazil)
_xISSN 0103-1112
_g(1996), v. 9 p. 39-45
_wBR0800688
909 _a202311
_bLúcia
_c55
_dLúcia Elande
942 _2AGRIS
_n0
_cANA
999 _c193257
_d193257